| 000 | 00000nam 2200000za 4500 |
| 001 | 9.674404 |
| 003 | CaOODSP |
| 005 | 20210624224733 |
| 007 | cr ||||||||||| |
| 008 | 150407s2003 xxc|||||o f|0| 0 fre d |
| 020 | |a0-662-67358-1|z0-660-62332-3 |
| 040 | |aCaOODSP|bfre |
| 041 | |aeng |
| 041 | |afre |
| 043 | |an-cn--- |
| 086 | 1 |aS53-31/2003-IN |
| 110 | 1 |aCanada.|bTravaux publics et Services gouvernementaux Canada. |bServices de traduction. |
| 245 | 10|aVocabulaire combinatoire de l'imagerie fractale |h[ressource électronique] / |c[par] Silvia Pavel, Monique Boileau. |
| 260 | |aOttawa : |bTravaux publics et Services gouvernementaux Canada, |c2003. |
| 300 | |a230 p. |
| 500 | |a«...décrit le langage spécialisé de deux disciplines nouvelles: la dynamique du chaos et la géométrie de la nature. Le vocabulaire réunit près de cinq cents termes français accompagnés de leurs synonymes et abbréviations ainsi que des termes anglais équivalents.» -- Introd. |
| 504 | |aBibliographie. |
| 590 | |a07-04-Supp|b2007-06-29 |
| 691 | 07|aTerminologie|2gcpds |
| 700 | 1 |aBoileau, Monique. |
| 700 | 1 |aPavel, Silvia. |
| 791 | |tCombinatory vocabulary of fractal imagery |eeng|w(CaOODSP)9.674403 |
| 856 | 40|ahttp://publications.gc.ca|qPDF|s863 Ko|uhttps://publications.gc.ca/collections/Collection/S53-31.pdf |